000 00501nam a2200181Ia 4500
003 GCL
008 140319s9999 xx 000 0 ara d
040 _aGCL /
_cGCL
082 0 4 _a813.01
_bى ى
100 1 _aيوسف القعيد
245 1 0 _aيحدث فى مصر الان, ط3 /
_cيوسف القعيد
260 _a[S.N] :
_bدار المستقبل العربى ،
_c1986
300 _a187 ص
490 _a
650 0 4 _aالادب العربى
650 0 4 _aالقصة
942 _2ddc
_cBK
999 _c32315
_d32315